| 000 | 00592nam a2200181Ia 4500 | ||
|---|---|---|---|
| 008 | 100920s9999 xx 000 0 und d | ||
| 082 |
_b102516 _a--- न 07 |
||
| 100 | _aकुलकर्णी जी.ए. | ||
| 245 | _aएक अरबी कहाणी. | ||
| 260 |
_bअंतरकर आनंद अनंत, पुणे. _c2007 |
||
| 300 |
_a255 _bसाधी |
||
| 365 | _b225 | ||
| 520 | _aकादंबरी. | ||
| 630 | _aएक अरबी कहाणी. | ||
| 650 | _aकादंबरी. | ||
| 730 | _aएक अरबी कहाणी. | ||
| 942 | _cBOOK | ||
| 999 |
_c742948 _d742945 |
||